000 00889nam a2200277 i 4500
001 C2-0334969
003 PPAK
005 20201117164306.0
008 151208s2014 my a|||| ||||| | may d
020 _a9789670643335
_qpaperback
040 _aPPAK
_beng
_cPPAK
_erda
082 0 4 _a745.509595
_223
090 0 0 _a745.509595
_bSEN
_dK
245 0 0 _aSeni Tembikar dan Seramik /
_cPenyusun : AINIS NAJWA HISHAM
264 1 _aAyer Hitam, Johor :
_bPenerbitan Akiz ,
_c2014
300 _a40 pages :
_bcolour illustrations ;
_c26 cm
336 _2rdacontent
_atext
337 _2rdamedia
_aunmediated
338 _2rdacarrier
_avolume
490 1 _aSeni Kraf dan Kesenian
500 _aIncludes exercises ; Includes glossary
650 1 0 _aHandicraft Malaysia
_vJuvenile literature.
700 0 _aAinis Najwa Hisham.
_ecompiler.
830 0 _aSeni Kraf dan Kesenian
942 _cB
_2ddc
999 _c133363
_d133363